Matrimonio civil y reserva mental
محفوظ في:
| المؤلف الرئيسي: | |
|---|---|
| التنسيق: | كتاب |
| اللغة: | الإسبانية |
| منشور في: |
Barcelona
EUB
1996
|
| سلاسل: | Colección Derecho, 9
|
| الموضوعات: | |
| الوسوم: |
إضافة وسم
لا توجد وسوم, كن أول من يضع وسما على هذه التسجيلة!
|
MARC
| LEADER | 00000nam a2200000 a 4500 | ||
|---|---|---|---|
| 001 | UCM3324 | ||
| 003 | CL-VaPUC | ||
| 008 | 020705e19960000SP |||||||||||||||||spa|d | ||
| 082 | 0 | 4 | |a 346.016 |b VIL |2 21 |
| 100 | 0 | |a Villagrasa Alcaide, Carlos |e author |9 470028 | |
| 245 | 1 | 0 | |a Matrimonio civil y reserva mental |
| 300 | |a 166 p | ||
| 942 | |c BK | ||
| 945 | |d 20020705 00:00:00 |a vberengu | ||
| 260 | |a Barcelona |b EUB |c 1996 | ||
| 650 | 7 | |a MATRIMONIO |2 CL-VaPUC |9 470029 | |
| 650 | 0 | |a Matrimonio civil |9 385406 | |
| 650 | 7 | |a NULIDAD DEL MATRIMONIO |2 CL-VaPUC |9 470030 | |
| 583 | |a last modification |c 20020705 00:00:00 |k Rodrigo Vera | ||
| 490 | 0 | |a Colección Derecho, 9 | |
| 999 | |c 300698 |d 300696 | ||
| 952 | |0 0 |1 0 |4 0 |6 346_016000000000000_VIL_1996 |7 0 |8 A |9 358879 |a BIBDER |b BIBDER |d 2019-11-21 |i 3825531 |o 346.016 VIL 1996 |p 3825531 |r 2023-01-25 |w 2019-11-21 |y BK |k DER | ||